CIREN, Crash Injury Research and Engineering Network : program report /

Bibliographic Details
Corporate Author: United States. National Highway Traffic Safety Administration
Other Authors: Lombardo, Louis V.
Format: Government Document Book
Language:English
Published: Washington, DC : National Highway Traffic Safety Administration, U.S. Dept. of Transportation ; [2001]
Subjects:

MARC

Tag First Indicator Second Indicator Subfields
LEADER 00000cam a2200000 a 4500
001 in00001664023
005 20151024121533.0
008 020225s2001 dcua bt f000 0 eng d
035 |a (OCoLC)ocm49215583 
040 |a POT  |c POT  |d GPO  |d DLC  |d MvI  |d UtOrBLW 
043 |a n-us--- 
049 |a UDOC 
074 |a 0982-D-01 
086 0 |a TD 8.2:C 85/31 
088 |a DOT HS 809 377 
092 |a 617.1028  |b C854 
245 0 0 |a CIREN, Crash Injury Research and Engineering Network :  |b program report /  |c [edited by Louis V. Lombardo]. 
246 3 0 |a Crash Injury Research and Engineering Network program report 
264 1 |a Washington, DC :  |b National Highway Traffic Safety Administration, U.S. Dept. of Transportation ;  |c [2001] 
264 2 |a Springfield, VA :  |b National Technical Information Service [distributor], 
300 |a iv, 107 pages :  |b color illustrations ;  |c 28 cm. 
336 |a text  |b txt  |2 rdacontent 
337 |a unmediated  |b n  |2 rdamedia 
338 |a volume  |b nc  |2 rdacarrier 
500 |a Cover title. 
500 |a "December 2001"--P. [4] of cover. 
500 |a Shipping list number: 2002-0111-P. 
500 |a Shipping List Date: 02/19/2002 
504 |a Includes bibliographical references (pages 101-107). 
500 |a "DOT HS 809 377"--P. [4] of cover. 
650 0 |a Crash injuries  |x Research  |z United States. 
650 0 |a Traffic accidents  |x Research  |z United States. 
650 0 |a Trauma centers  |z United States. 
610 2 0 |a Crash Injury Research & Engineering Network (U.S.) 
700 1 |a Lombardo, Louis V. 
710 1 |a United States.  |b National Highway Traffic Safety Administration. 
999 |a MARS 
999 f f |s 12fc1111-319a-3ae1-89d7-8c442d66d224  |i 901b6fd2-5592-3822-a719-170508cd9e3b  |t 0 
952 f f |p normal  |a Texas A&M University  |b College Station  |c Sterling C. Evans Library  |d Evans: US Documents (Annex 5th floor)  |t 0  |e TD 8.2:C 85/31  |h Superintendent of Documents classification  |i unmediated -- volume  |m A14828680855 
998 f f |a TD 8.2:C 85/31  |t 0  |l Evans: US Documents (Annex 5th floor)